LEADER 01364nam0-22003251i-450 001 990007974380403321 005 20221128124039.0 020 $aIT$b67-195 035 $a000797438 035 $aFED01000797438 035 $a(Aleph)000797438FED01 100 $a20041215d1967----km-y0itay50------ba 101 0 $aita 102 $aIT 105 $ay-------001yy 200 1 $a<>valutazione automatica dei fondi rustici ai fini dell'applicazione delle imposte di reagistro, di successione, agevolazioni fiscali per i fondi rustici gia coltivati direttamente dal defunto$ecommento teorico pratico, aggiornato al 30 novmbre 1966, alle leggi: 20 ottobre 1954, n. 1044, 27 maggio 1959, n.355, 22 novembre 1962, n. 1706, 29 novembre 1962, n. 1680 210 $aRoma$cBizzarri$d1967 215 $a150 p.$d24 cm 225 1 $a<>quaderni de Il sistema tributario 676 $a343.04$v11 rid.$zita 700 1$aVinci,$bCalogero$0107166 801 0$aIT$bUNINA$gRICA$2UNIMARC 901 $aBK 912 $a990007974380403321 952 $aH 568$b961$fDSS 952 $aXIV I 12 (2)$b82516$fFGBC 959 $aDSS 959 $aFGBC 996 $aValutazione automatica dei fondi rustici ai fini dell'applicazione delle imposte di reagistro, di successione, agevolazioni fiscali per i fondi rustici gia coltivati direttamente dal defunto$9751597 997 $aUNINA